00539nam a2200121Ia 4500008004100000082001800041100002000059245009600079260004400175365000600219630009600225730009600321100415s9999 xx 000 0 und d b2062a595.771 aBalfour Andrew aSecond report of the wellcome research laboratories at the gordon memorial college Khartoum aKHARTOUMc1906bDEPARTMENT OF EDUCATION b0 aSecond report of the wellcome research laboratories at the gordon memorial college Khartoum aSecond report of the wellcome research laboratories at the gordon memorial college Khartoum